Walter gropius der mensch und sein werk

Bibliographic Details
Main Author: Isaacs, Reginald R
Format: Section = Libro
Language:Undetermined
Spanish
Published: Berlin Gebr Mann Verlag 1983
Subjects:
LEADER 00463nam a2200181Ia 4500
008 240829s9999 xx 000 0 und d
020 |a 3-7861-1398-X 
040 |a BIBLIOTECA-RUSB/ 720.72 I73 
041 |a spa 
082 |a 720.72 I73 
100 1 |a Isaacs, Reginald R 
245 1 0 |a Walter gropius der mensch und sein werk 
260 |a Berlin  |b Gebr Mann Verlag  |c 1983 
300 |a p. irreg. :il. 
650 7 |a ARQUITECTO 
942 |c BK  |2 ddc 
991 |a TEXTO 
999 |c 5045